Common applications in civil proceedings
This book compiles together the statutory provisions and forms which are used in making common applications in civil proceedings. It is intended for all who undertake civil matters,..
Đã lưu trong:
| 格式: | 图书 |
|---|---|
| 语言: | Undetermined |
| 出版: |
Petaling Jaya, Selangor, Malaysia
Sweet & Maxwell Asia
2007
|
| 主题: | |
| 标签: |
添加标签
没有标签, 成为第一个标记此记录!
|
| Thư viện lưu trữ: | Trung tâm Học liệu Trường Đại học Cần Thơ |
|---|
| LEADER | 00832nam a2200217Ia 4500 | ||
|---|---|---|---|
| 001 | CTU_153644 | ||
| 008 | 210402s9999 xx 000 0 und d | ||
| 020 | |c 108.90 | ||
| 082 | |a 347.59505 | ||
| 082 | |b C734 | ||
| 245 | 0 | |a Common applications in civil proceedings | |
| 245 | 0 | |c compiled by Yin Yook Khai | |
| 260 | |a Petaling Jaya, Selangor, Malaysia | ||
| 260 | |b Sweet & Maxwell Asia | ||
| 260 | |c 2007 | ||
| 520 | |a This book compiles together the statutory provisions and forms which are used in making common applications in civil proceedings. It is intended for all who undertake civil matters,.. | ||
| 650 | |a Civil procedure,Court rules,Thủ tục tố tụng dân sự | ||
| 650 | |x Forms | ||
| 650 | |z Malaysia,Malaysia,Malaysia | ||
| 904 | |i Năm | ||
| 980 | |a Trung tâm Học liệu Trường Đại học Cần Thơ | ||